Guess World Cities drawn by A.I Pt. 2 - Statistics

General Stats
  • This quiz has been taken 39 times
  • The average score is 8 of 16
Answer Stats
Picture Answer % Correct
Venice
100%
Moscow
94%
Rome
89%
Beijing
80%
Kuala Lumpur
80%
Jerusalem
77%
Las Vegas
63%
Cape Town
60%
Athens
51%
Los Angeles
31%
Brussels
23%
Honolulu
23%
Mexico City
20%
Panama City
17%
Manila
11%
Sao Paulo
6%
No matching quizzes found
Score Distribution
Percent of People with Each Score
Percentile by Number Answered
Your Score History
You have not taken this quiz